000
00263nam a2200109 4500
008
160622b xxu||||| |||| 00| 0 eng d
100
_9
461
_a
Blyton, E,
245
_a
Hello Mr. Twiddle
260
_a
Eng
_b
Dean
_c
1968
300
_a
Hello Mr. Twiddle
942
_2
ddc
_c
BK
999
_c
382
_d
382